Terminaisons dans les noms d'Astérix - Statistiques

Statistiques générales
  • Ce quiz a été pris 590 fois
  • Le résultat moyen est 6 sur 12
Statistiques - réponses
Peuple Terminaison % Correct
Gaulois -ix (comme Astérix)
100%
Romains -us (comme Cartapus)
90%
Gauloises -ine (comme Bonemine)
81%
Égyptiens -is (comme Numérobis)
67%
Bretons -ax (comme Jolitorax)
50%
Romaines -a (comme Mozzarella)
46%
Grecs -as (comme Karédas)-os (comme Fécarabos)
41%
Ibères -on (comme Soupalognon y Crouton)
37%
Normands -af (comme Grossebaf)
35%
Goths -ic (comme Cloridric)
21%
Lusitaniens -ès (comme Pataquès)
10%
Vikings -sen (comme Kerøsen)
9%
Aucun quiz correspondant
Distribution des résultats
% des personnes avec chaque résultat
Percentile par nombre de réponses
Votre historique - résultats
Vous n’avez pas pris ce quiz